[Event "CHN-chT DivA"]
[Site "Fuling"]
[Date "2023.06.06"]
[Round "2.5"]
[White "Bu, Xiangzhi"]
[Black "Bai, Jinshi"]
[Result "1/2-1/2"]
[WhiteElo "2694"]
[BlackElo "2550"]
[PlyCount "70"]
[EventDate "2023.06.05"]
[EventType "team-tourn"]
[EventRounds "11"]
[EventCountry "CHN"]
[SourceTitle "CBM 214 Extra"]
[Source "ChessBase"]
[SourceDate "2023.07.31"]
[SourceVersion "1"]
[SourceVersionDate "2023.07.31"]
[SourceQuality "1"]
[WhiteTeam "Chongqing Sports Lottery"]
[BlackTeam "Hangzhou Bank"]
[WhiteTeamCountry "CHN"]
[BlackTeamCountry "CHN"]

1. d4 Nf6 2. c4 g6 3. h4 Bg7 4. Nc3 d6 5. e4 Nc6 6. d5 Ne5 7. Be2 h5 8. Nf3 Nxf3+ 9. Bxf3 0-0 10. Bg5 c6 11. Qd2 Bg4 12. Bxf6 Bxf6 13. Bxg4 hxg4 14. h5 Kg7 15. hxg6 Rh8 16. 0-0-0 fxg6 17. Ne2 Qb6 18. Nf4 Qa6 19. Qc2 Bg5 20. Qc3+ Bf6 21. Ne6+ Kf7 22. Qb3 cxd5 23. exd5 Rac8 24. c5 Rxh1 25. Rxh1 dxc5 26. d6 c4 27. d7 cxb3+ 28. dxc8Q Bxb2+ 29. Kd2 Qa5+ 30. Ke2 Qb5+ 31. Ke3 Qe5+ 32. Kd3 Qd5+ 33. Ke3 Qe5+ 34. Kd3 Qb5+ 35. Ke3 Qe5+ 1/2-1/2

[Event "Shaoxing Hua Yi Rapid Cup 2nd"]
[Site "Shaoxing"]
[Date "2023.06.01"]
[Round "5.1"]
[White "Wang, Hao"]
[Black "Bu, Xiangzhi"]
[Result "1/2-1/2"]
[WhiteElo "2722"]
[BlackElo "2694"]
[PlyCount "78"]
[EventDate "2023.05.29"]
[EventType "k.o. (rapid)"]
[EventRounds "5"]
[EventCountry "CHN"]
[SourceTitle "CBM 214 Extra"]
[Source "ChessBase"]
[SourceDate "2023.07.31"]
[SourceVersion "1"]
[SourceVersionDate "2023.07.31"]
[SourceQuality "1"]

1. e4 e5 2. Nf3 Nc6 3. Bc4 Bc5 4. d3 Nf6 5. Bg5 h6 6. Bh4 Be7 7. Bg3 d6 8. a4 Be6 9. Nbd2 0-0 10. h3 Nd7 11. Bxe6 fxe6 12. 0-0 Bg5 13. c3 Bxd2 14. Nxd2 Qe8 15. b4 Ne7 16. Nc4 Ng6 17. d4 Nf4 18. Re1 Qf7 19. Ra2 exd4 20. cxd4 d5 21. exd5 exd5 22. Na5 Rab8 23. Ra3 Ne6 24. Rf3 Nf6 25. Be5 Ng5 26. Rfe3 Nd7 27. Qc2 Nxe5 28. Rxe5 Qf4 29. Nb3 c6 30. Nc5 Qxd4 31. Re7 Rf7 32. Nd7 Rxe7 33. Rxe7 Qxb4 34. Qe2 Rd8 35. Re8+ Rxe8 36. Qxe8+ Kh7 37. Nf8+ Kg8 38. Ng6+ Kh7 39. Nf8+ Kg8 1/2-1/2